000 00216 a2200097 4500
001 4955
100 _aChapman
245 _aMathematical theory of non-uniform gases
260 _a
_bCambridge
_c
090 _c4134
_d4134
942 _aNUST-CAE
_cM
_c30417
999 _c240028
_d240028